| 000 | 00825nam a22002297a 4500 | ||
|---|---|---|---|
| 999 |
_c2825 _d2825 |
||
| 003 | AR-CdUCM | ||
| 008 | 190305b ||||| |||| 00| 0 spa d | ||
| 040 |
_aMUNICIPALIDAD PROVINCIAL DEL CUSCO _cBIBLIOTECA MUNICIPAL DEL CUSCO |
||
| 082 |
_a985.009 / _bUG24 |
||
| 100 |
_aUgarte Eléspuru, Juan Manuel _99823 |
||
| 245 | _aIgnacio Merino / | ||
| 260 |
_aLima : _bVisión Peruana, _bMonterrico, _c1987. |
||
| 300 |
_a62 páginas ; _bilustraciones, _c21 cm. |
||
| 440 |
_aLos que hicieron el Perú, Biblioteca visión peruana. _n5 _99824 |
||
| 500 | _aEsta publicación es un aporte de la revista Visión Peruana"--Cubierta posterior. | ||
| 505 | _aContenido: Ignacio Merino -- La obra -- El hombre. | ||
| 650 |
_aPintores _96624 |
||
| 650 |
_aBiografía _922 |
||
| 650 |
_aPerú _935 |
||
| 942 |
_2ddc _cLIBROS |
||
| 945 | _aachl | ||